000 nam a22 7a 4500
999 _c8262
_d8262
008 171213b xxu||||| |||| 00| 0 eng d
020 _a9788129132604
100 _aKalam Abdul A P J
_94685
245 _aGovernance for growth in India
260 _aNew Delhi
_bRupa Publication
_c2014